[Event "Belgrade tt"]
[Site "Belgrade"]
[Date "2008.02.28"]
[Round "12"]
[White "Pancevski, Filip"]
[Black "Rmus, Anto"]
[Result "1/2-1/2"]
[WhiteElo "2366"]
[BlackElo "2386"]
[PlyCount "27"]
[EventDate "2008.02.16"]
[EventType "team"]
[EventRounds "12"]
[EventCountry "YUG"]
[SourceTitle "CBM 123 Extra"]
[Source "ChessBase"]
[SourceDate "2008.05.06"]
[SourceVersion "1"]
[SourceVersionDate "2008.05.06"]
[SourceQuality "1"]

1. Nf3 Nf6 2. c4 g6 3. Nc3 Bg7 4. e4 d6 5. d4 0-0 6. Be2 e5 7. 0-0 Nc6 8. d5 Ne7 9. Ne1 Nd7 10. Be3 a5 11. Nd3 b6 12. a3 f5 13. f3 f4 14. Bf2 1/2-1/2

[Event "Belgrade tt"]
[Site "Belgrade"]
[Date "2008.02.21"]
[Round "6"]
[White "Mihic, Bojan"]
[Black "Rmus, Anto"]
[Result "1-0"]
[WhiteElo "2404"]
[BlackElo "2386"]
[PlyCount "58"]
[EventDate "2008.02.16"]
[EventType "team"]
[EventRounds "12"]
[EventCountry "YUG"]
[SourceTitle "CBM 123 Extra"]
[Source "ChessBase"]
[SourceDate "2008.05.06"]
[SourceVersion "1"]
[SourceVersionDate "2008.05.06"]
[SourceQuality "1"]

1. Nf3 d6 2. d4 g6 3. c4 Bg7 4. Nc3 Bg4 5. e3 Nc6 6. Be2 e5 7. Nxe5 dxe5 8. Bxg4 exd4 9. exd4 Nxd4 10. 0-0 Ne7 11. Bg5 f6 12. Be3 f5 13. Bf3 c6 14. Re1 Kf7 15. Bxd4 Qxd4 16. Qe2 Qf6 17. c5 Rhd8 18. Qc4+ Kf8 19. Bd1 Rd2 20. Bb3 Rad8 21. Re3 R8d4 22. Qf1 Rf4 23. Re2 Rxb2 24. Rxb2 Qxc3 25. Rd1 Bd4 26. Rc2 Qb4 27. g3 Rf3 28. Rc4 Rxf2 29. Rxb4 Rg2+ 1-0

[Event "MNT-chT"]
[Site "Herceg Novi"]
[Date "2007.09.04"]
[Round "2"]
[White "Rmus, Anto"]
[Black "Geler, Aleksandar"]
[Result "1-0"]
[WhiteElo "2376"]
[BlackElo "2348"]
[PlyCount "75"]
[EventDate "2007.09.03"]
[EventType "team-tourn"]
[EventRounds "9"]
[EventCountry "MNE"]
[SourceTitle "CBM 120 Extra"]
[Source "ChessBase"]
[SourceDate "2007.11.01"]
[SourceVersion "1"]
[SourceVersionDate "2007.11.01"]
[SourceQuality "1"]

1. e4 c5 2. Nf3 d6 3. d4 cxd4 4. Nxd4 Nf6 5. Nc3 a6 6. Bc4 e6 7. Bb3 Nbd7 8. f4 Nc5 9. f5 Be7 10. Qf3 0-0 11. 0-0 Bd7 12. Be3 b5 13. a3 e5 14. Nde2 Nxb3 15. cxb3 Bc6 16. g4 h6 17. Rad1 b4 18. axb4 Rb8 19. b5 Bxb5 20. g5 hxg5 21. Bxg5 Bc6 22. Bxf6 Bxf6 23. Nd5 Bxd5 24. Rxd5 Qb6+ 25. Kh1 Qxb3 26. Rd3 Qc2 27. Rc1 Qxb2 28. Rg1 Rfd8 29. Nc3 Qc2 30. Nd5 Kf8 31. Rc3 Qa4 32. Rc7 Rdc8 33. Rxf7+ Kxf7 34. Qh5+ Kf8 35. Nxf6 Qb3 36. Qh8+ Ke7 37. Rxg7+ Qf7 38. Nd5+ 1-0

[Event "SRB-chT 1st"]
[Site "Zlatibor"]
[Date "2007.09.01"]
[Round "11"]
[White "Martic, Ivan"]
[Black "Rmus, Anto"]
[Result "1/2-1/2"]
[WhiteElo "2311"]
[BlackElo "2376"]
[PlyCount "23"]
[EventDate "2007.08.21"]
[EventType "team-tourn"]
[EventRounds "11"]
[EventCountry "YUG"]
[SourceTitle "CBM 120 Extra"]
[Source "ChessBase"]
[SourceDate "2007.11.01"]
[SourceVersion "1"]
[SourceVersionDate "2007.11.01"]
[SourceQuality "1"]

1. e4 e5 2. Nf3 Nc6 3. Bb5 a6 4. Ba4 Nf6 5. d3 b5 6. Bb3 Be7 7. 0-0 0-0 8. c3 d6 9. Nbd2 Re8 10. Ng5 Rf8 11. Ngf3 Re8 12. Ng5 1/2-1/2

[Event "SRB-chT 1st"]
[Site "Zlatibor"]
[Date "2007.08.29"]
[Round "8"]
[White "Rmus, Anto"]
[Black "Popov, Sinisa S"]
[Result "1/2-1/2"]
[WhiteElo "2376"]
[BlackElo "2481"]
[PlyCount "84"]
[EventDate "2007.08.21"]
[EventType "team-tourn"]
[EventRounds "11"]
[EventCountry "YUG"]
[SourceTitle "CBM 120 Extra"]
[Source "ChessBase"]
[SourceDate "2007.11.01"]
[SourceVersion "1"]
[SourceVersionDate "2007.11.01"]
[SourceQuality "1"]

1. e4 e6 2. d4 d5 3. e5 c5 4. c3 Nc6 5. Be3 Bd7 6. Qd2 Rc8 7. Nf3 cxd4 8. cxd4 Bb4 9. Nc3 Na5 10. Rc1 Nc4 11. Bxc4 Rxc4 12. a3 Ba5 13. 0-0 Ne7 14. Qd3 0-0 15. b4 Bb6 16. Ng5 Ng6 17. h4 f6 18. exf6 gxf6 19. Nf3 Kh8 20. h5 Ne7 21. Nh4 Qe8 22. Qd1 e5 23. Re1 Bxd4 24. Nxd5 Rxc1 25. Qxc1 Nxd5 26. Bxd4 Qxh5 27. Qc5 Qf7 28. Bb2 b6 29. Qd6 Re8 30. Rd1 Be6 31. Nf3 Nf4 32. Nxe5 Qg7 33. Nf7+ Qxf7 34. Qxf4 Rf8 35. Rd6 Qe7 36. Rd3 Kg8 37. Qh6 Bf5 38. Re3 Qd6 39. Rg3+ Bg6 40. f4 Qd1+ 41. Kh2 Qb1 42. Qh5 Qxb2 1/2-1/2

[Event "Belgrade Masinac"]
[Site "Belgrade"]
[Date "2007.02.20"]
[Round "5"]
[White "Blesic, Vaso"]
[Black "Rmus, Anto"]
[Result "1-0"]
[WhiteElo "2314"]
[BlackElo "2388"]
[PlyCount "107"]
[EventDate "2007.02.16"]
[EventType "schev"]
[EventRounds "10"]
[EventCountry "SRB"]
[SourceTitle "EXT 2024"]
[Source "ChessBase"]
[SourceDate "2023.10.10"]
[SourceVersion "1"]
[SourceVersionDate "2023.10.10"]
[SourceQuality "1"]

1. e4 c5 2. Nf3 d6 3. Bb5+ Bd7 4. Bxd7+ Qxd7 5. 0-0 Nc6 6. Re1 e6 7. c3 Nf6 8. d4 cxd4 9. cxd4 d5 10. e5 Ne4 11. Nbd2 Nxd2 12. Bxd2 Be7 13. Rc1 0-0 14. Bg5 Bxg5 15. Nxg5 h6 16. Nf3 Rfc8 17. Qd2 Ne7 18. h3 Qa4 19. b3 Qa3 20. g4 a5 21. Kg2 Qb4 22. Rxc8+ Rxc8 23. Rc1 Rxc1 24. Qxc1 Nc6 25. Qb2 a4 26. Kg3 Na5 27. Qd2 Qxd2 28. Nxd2 Nc6 29. bxa4 Nxd4 30. Nb3 Nc6 31. Nc5 Nxe5 32. Nxb7 Kf8 33. a5 Ke7 34. a6 Nc6 35. f4 Kd7 36. h4 Kc7 37. h5 Nb4 38. Nd8 Nxa6 39. Nxf7 Nc5 40. g5 Ne4+ 41. Kf3 Nd6 42. Nxd6 Kxd6 43. Ke3 Kc5 44. Kd3 Kc6 45. Kd4 Kd6 46. gxh6 gxh6 47. a4 Kc6 48. a5 Kd6 49. a6 Kc6 50. a7 Kb7 51. f5 exf5 52. Kxd5 f4 53. Ke4 Kxa7 54. Kxf4 1-0

[Event "Boskovic Memorial op 7th"]
[Site "Belgrade"]
[Date "2006.10.06"]
[Round "5"]
[White "Rmus, Anto"]
[Black "Scepanovic, Rade"]
[Result "1-0"]
[WhiteElo "2380"]
[BlackElo "2196"]
[PlyCount "77"]
[EventDate "2006.10.02"]
[EventType "swiss"]
[EventRounds "9"]
[EventCountry "YUG"]
[SourceTitle "CBM 114 Extra"]
[Source "ChessBase"]
[SourceDate "2006.11.03"]
[SourceVersion "1"]
[SourceVersionDate "2006.11.03"]
[SourceQuality "1"]

1. e4 e5 2. Nc3 Nf6 3. f4 d5 4. fxe5 Nxe4 5. Nf3 Nc6 6. Bb5 a6 7. Bxc6+ bxc6 8. Qe2 Ng5 9. d4 Nxf3+ 10. gxf3 Qh4+ 11. Qf2 Qxf2+ 12. Kxf2 Bf5 13. Bf4 Bxc2 14. Rac1 Bf5 15. Na4 Bd7 16. Rhg1 g6 17. Bg5 Be7 18. Bf6 Rg8 19. h4 a5 20. Rc3 Rb8 21. b3 Rb4 22. Rd1 h6 23. f4 Kd8 24. a3 Rb5 25. Rg1 Ke8 26. Ra1 Kd8 27. Nc5 Bxf6 28. exf6 Re8 29. Re1 Rxe1 30. Kxe1 Bf5 31. Re3 Be4 32. h5 Ke8 33. Rh3 Kf8 34. hxg6 fxg6 35. Rxh6 Kf7 36. Nd7 g5 37. Ne5+ Kg8 38. f7+ Kg7 39. Rh8 1-0

[Event "MNT-chT 1st"]
[Site "Herceg Novi"]
[Date "2006.10.01"]
[Round "10"]
[White "Rmus, Anto"]
[Black "Ivanovic, Bozidar"]
[Result "1/2-1/2"]
[WhiteElo "2394"]
[BlackElo "2444"]
[PlyCount "31"]
[EventDate "2006.09.22"]
[EventType "team-tourn"]
[EventRounds "11"]
[EventCountry "MNE"]
[SourceTitle "CBM 114 Extra"]
[Source "ChessBase"]
[SourceDate "2006.11.03"]
[SourceVersion "1"]
[SourceVersionDate "2006.11.03"]
[SourceQuality "1"]

1. e4 e5 2. Nf3 Nc6 3. Bb5 a6 4. Ba4 Nf6 5. 0-0 Be7 6. Re1 b5 7. Bb3 d6 8. c3 0-0 9. h3 h6 10. d4 Re8 11. Be3 Bf8 12. Nbd2 Bb7 13. d5 Ne7 14. c4 c6 15. Rc1 Qd7 16. Bc2 1/2-1/2

[Event "MNT-chT 1st"]
[Site "Herceg Novi"]
[Date "2006.09.28"]
[Round "7"]
[White "Rmus, Anto"]
[Black "Vajda, Levente"]
[Result "0-1"]
[WhiteElo "2394"]
[BlackElo "2524"]
[PlyCount "82"]
[EventDate "2006.09.22"]
[EventType "team-tourn"]
[EventRounds "11"]
[EventCountry "MNE"]
[SourceTitle "CBM 114 Extra"]
[Source "ChessBase"]
[SourceDate "2006.11.03"]
[SourceVersion "1"]
[SourceVersionDate "2006.11.03"]
[SourceQuality "1"]

1. e4 e5 2. Nf3 Nc6 3. Bb5 a6 4. Bxc6 dxc6 5. 0-0 f6 6. d4 exd4 7. Nxd4 c5 8. Nb3 Qxd1 9. Rxd1 Bg4 10. f3 Be6 11. Be3 b6 12. Nc3 Bd6 13. a4 0-0-0 14. a5 Bxb3 15. cxb3 b5 16. Nd5 Ne7 17. Rac1 Nxd5 18. exd5 Rhe8 19. Bxc5 Re2 20. Bxd6 Rxd6 21. Rc5 Kd8 22. Rdc1 Rd7 23. Rc6 Rxd5 24. Rxc7 Rd1+ 25. Rxd1+ Kxc7 26. Rc1+ Kd6 27. Rd1+ Kc5 28. Rd7 Rxb2 29. Rxg7 Rxb3 30. Rxh7 Ra3 31. h4 Rxa5 32. h5 b4 33. h6 b3 34. Rc7+ Kd4 35. Rb7 Kc4 36. g4 Rb5 37. h7 b2 38. Rc7+ Kd5 39. h8Q b1Q+ 40. Kf2 Rb2+ 41. Ke3 Qe1+ 0-1

[Event "MNT-chT 1st"]
[Site "Herceg Novi"]
[Date "2006.09.26"]
[Round "5"]
[White "Rmus, Anto"]
[Black "Petrovic, Slavko"]
[Result "1-0"]
[WhiteElo "2394"]
[BlackElo "2116"]
[PlyCount "91"]
[EventDate "2006.09.22"]
[EventType "team-tourn"]
[EventRounds "11"]
[EventCountry "MNE"]
[SourceTitle "CBM 114 Extra"]
[Source "ChessBase"]
[SourceDate "2006.11.03"]
[SourceVersion "1"]
[SourceVersionDate "2006.11.03"]
[SourceQuality "1"]

1. e4 c5 2. Nf3 Nc6 3. Nc3 g6 4. d4 cxd4 5. Nxd4 Bg7 6. Be3 Nf6 7. Nb3 d6 8. Be2 0-0 9. 0-0 Be6 10. f4 Qc8 11. h3 Rd8 12. Nd4 Nxd4 13. Bxd4 Bc4 14. Bd3 e6 15. Qe2 Nh5 16. Bxg7 Bxd3 17. Qxd3 Nxg7 18. Rad1 Qc5+ 19. Qd4 Rac8 20. Rf2 Qxd4 21. Rxd4 Ne8 22. f5 Kg7 23. fxe6 fxe6 24. Rd3 Rd7 25. e5 Rc5 26. exd6 Rxd6 27. Ne4 Rxd3 28. Nxc5 Rd1+ 29. Rf1 Rd6 30. Nxb7 Rb6 31. Nc5 Rxb2 32. Nxe6+ Kh6 33. Rf4 Kh5 34. Rf7 Kh6 35. Re7 Nd6 36. Nd4 Kg5 37. Rxa7 Ne4 38. Rf7 h5 39. a4 Ra2 40. Ne6+ Kh6 41. h4 Ra1+ 42. Kh2 Nd6 43. Ra7 Nf5 44. g3 Ra2 45. Nf8 Ng7 46. Ra6 1-0

[Event "MNT-chT 1st"]
[Site "Herceg Novi"]
[Date "2006.09.24"]
[Round "3"]
[White "Rmus, Anto"]
[Black "Solomunovic, Igor"]
[Result "1-0"]
[WhiteElo "2394"]
[BlackElo "2428"]
[PlyCount "53"]
[EventDate "2006.09.22"]
[EventType "team-tourn"]
[EventRounds "11"]
[EventCountry "MNE"]
[SourceTitle "CBM 114 Extra"]
[Source "ChessBase"]
[SourceDate "2006.11.03"]
[SourceVersion "1"]
[SourceVersionDate "2006.11.03"]
[SourceQuality "1"]

1. e4 c5 2. Nc3 Nc6 3. f4 g6 4. Nf3 Bg7 5. Bc4 e6 6. 0-0 Nge7 7. Qe1 0-0 8. d3 d5 9. Bb3 Nd4 10. Nxd4 cxd4 11. Ne2 dxe4 12. dxe4 d3 13. cxd3 Qxd3 14. Ng3 b6 15. f5 exf5 16. Bg5 Qd6 17. Rd1 Qc5+ 18. Kh1 Ba6 19. exf5 Nxf5 20. Nxf5 Bxf1 21. Rd5 Qc7 22. Nxg7 Bc4 23. Nh5 Bxb3 24. Nf6+ Kh8 25. Qh4 h5 26. Bf4 Qc2 27. Rxh5+ 1-0

[Event "MNT-ch 58th"]
[Site "Cetinje"]
[Date "2006.07.22"]
[Round "8"]
[White "Rmus, Anto"]
[Black "Popovic, Mladen"]
[Result "1-0"]
[WhiteElo "2394"]
[BlackElo "2158"]
[PlyCount "73"]
[EventDate "2006.07.15"]
[EventType "swiss"]
[EventRounds "9"]
[EventCountry "MNE"]
[SourceTitle "EXT 2023"]
[Source "ChessBase"]
[SourceDate "2022.10.05"]
[SourceVersion "1"]
[SourceVersionDate "2022.10.05"]
[SourceQuality "1"]

1. Nf3 Nf6 2. g3 g6 3. Bg2 Bg7 4. 0-0 0-0 5. d4 d6 6. c4 c6 7. Nc3 Bf5 8. Re1 Ne4 9. Nd2 Nxc3 10. bxc3 Qc8 11. e4 Bh3 12. Bxh3 Qxh3 13. Nf3 h6 14. e5 dxe5 15. Nxe5 Nd7 16. Qg4 Qxg4 17. Nxg4 Nf6 18. Nxf6+ exf6 19. Re7 b6 20. Bf4 g5 21. Bc7 f5 22. f4 Bf6 23. Rd7 Rfe8 24. Be5 Re7 25. Rd6 Bxe5 26. fxe5 Re6 27. Rf1 Rae8 28. Rxf5 Rxd6 29. exd6 Re6 30. c5 bxc5 31. dxc5 Kf8 32. Kf2 Ke8 33. Rf3 h5 34. Re3 Kd7 35. Rxe6 Kxe6 36. Kf3 f5 37. h4 1-0

[Event "MNT-ch 58th"]
[Site "Cetinje"]
[Date "2006.07.20"]
[Round "6"]
[White "Kalezic, Blazo"]
[Black "Rmus, Anto"]
[Result "1/2-1/2"]
[WhiteElo "2433"]
[BlackElo "2394"]
[PlyCount "80"]
[EventDate "2006.07.15"]
[EventType "swiss"]
[EventRounds "9"]
[EventCountry "MNE"]
[SourceTitle "EXT 2023"]
[Source "ChessBase"]
[SourceDate "2022.10.05"]
[SourceVersion "1"]
[SourceVersionDate "2022.10.05"]
[SourceQuality "1"]

1. e4 c5 2. Nf3 d6 3. d4 cxd4 4. Nxd4 Nf6 5. Nc3 g6 6. Be3 Bg7 7. f3 Nc6 8. Qd2 0-0 9. Bc4 Bd7 10. 0-0-0 Ne5 11. Bb3 Rb8 12. h4 b5 13. h5 Nc4 14. Bxc4 bxc4 15. hxg6 fxg6 16. Kb1 Qa5 17. Ka1 Rb6 18. Rb1 Rfb8 19. Rhd1 Ra6 20. a3 e5 21. Nde2 Be6 22. Nc1 d5 23. exd5 Rd8 24. N1a2 Nxd5 25. Nxd5 Rxd5 26. Qb4 Bf8 27. Qxa5 Rdxa5 28. Rd8 Kf7 29. c3 Rd6 30. Ra8 Rd7 31. Nb4 Bxb4 32. cxb4 Rad5 33. Rxa7 Rxa7 34. Bxa7 Rd2 35. Rc1 Bd7 36. Bb8 Kf6 37. g3 Rf2 38. Re1 Rxf3 39. Bxe5+ Kf5 40. Bf4 h5 1/2-1/2

[Event "MNT-ch 58th"]
[Site "Cetinje"]
[Date "2006.07.17"]
[Round "3"]
[White "Karisik, Nenad"]
[Black "Rmus, Anto"]
[Result "0-1"]
[WhiteElo "2142"]
[BlackElo "2394"]
[PlyCount "110"]
[EventDate "2006.07.15"]
[EventType "swiss"]
[EventRounds "9"]
[EventCountry "MNE"]
[SourceTitle "EXT 2023"]
[Source "ChessBase"]
[SourceDate "2022.10.05"]
[SourceVersion "1"]
[SourceVersionDate "2022.10.05"]
[SourceQuality "1"]

1. e4 c5 2. Nf3 Nc6 3. d4 cxd4 4. Nxd4 Nf6 5. Nc3 d6 6. f3 g6 7. Be3 Bg7 8. Bc4 0-0 9. Qd2 Bd7 10. 0-0-0 Rc8 11. Bb3 Na5 12. h4 Nxb3+ 13. Nxb3 a5 14. a4 Qe8 15. Bh6 Bxa4 16. Bxg7 Kxg7 17. Nxa4 Qxa4 18. Kb1 b6 19. h5 Qc4 20. g4 a4 21. Nd4 a3 22. b3 Qc3 23. h6+ Kg8 24. Qxc3 Rxc3 25. Rhf1 Rfc8 26. Rf2 R8c5 27. Rd3 Rxd3 28. cxd3 e5 29. Nc2 Rc3 30. Rd2 Rxb3+ 31. Ka2 Rc3 32. Nxa3 Rc6 33. Kb3 Kf8 34. Nb5 Nd7 35. Kb4 Nc5 36. d4 Na6+ 37. Kb3 Ke7 38. Ra2 Nc7 39. Ra7 Kd8 40. Nxc7 Rxc7 41. Ra8+ Ke7 42. dxe5 dxe5 43. Rh8 g5 44. Rxh7 Rc8 45. Kb4 Kf6 46. Rg7 Rh8 47. Kc4 b5+ 48. Kxb5 Rxh6 49. Rg8 Rh3 50. Ra8 Rxf3 51. Kc4 Rg3 52. Ra6+ Kg7 53. Kd5 f6 54. Ke6 Rxg4 55. Ke7 Rf4 0-1

[Event "MNT-ch 58th"]
[Site "Cetinje"]
[Date "2006.07.15"]
[Round "1"]
[White "Mijovic, Stefan"]
[Black "Rmus, Anto"]
[Result "1-0"]
[WhiteElo "2167"]
[BlackElo "2394"]
[PlyCount "119"]
[EventDate "2006.07.15"]
[EventType "swiss"]
[EventRounds "9"]
[EventCountry "MNE"]
[SourceTitle "EXT 2023"]
[Source "ChessBase"]
[SourceDate "2022.10.05"]
[SourceVersion "1"]
[SourceVersionDate "2022.10.05"]
[SourceQuality "1"]

1. e4 c5 2. Nf3 d6 3. d4 cxd4 4. Nxd4 Nf6 5. Nc3 g6 6. Be3 Bg7 7. f3 Nc6 8. Qd2 0-0 9. Bc4 Bd7 10. 0-0-0 Ne5 11. Bb3 a5 12. a4 Rc8 13. Ndb5 Be6 14. Nd5 Nxd5 15. exd5 Bf5 16. Nd4 Nd3+ 17. Kb1 Bxd4 18. Bxd4 Nb4 19. Bc3 Qb6 20. g4 Rxc3 21. Qxc3 Rc8 22. Qd4 Qxd4 23. Rxd4 Nxc2 24. Bxc2 Bxc2+ 25. Ka2 Rc5 26. Re1 Kf8 27. Re3 b5 28. b3 b4 29. h4 h6 30. Rd2 g5 31. Kb2 Bh7 32. hxg5 hxg5 33. Rde2 Rxd5 34. Rxe7 Rd1 35. Re8+ Kg7 36. Rd8 Bg6 37. Rd7 Kf6 38. Rd8 d5 39. Rd6+ Kg7 40. Re5 d4 41. Rxa5 Rd2+ 42. Kc1 Rd3 43. Rxg5 Rxf3 44. Rgxg6+ fxg6 45. Rxd4 Rxb3 46. Kc2 Rc3+ 47. Kb2 Rf3 48. Rxb4 g5 49. a5 Rf8 50. a6 Ra8 51. Rb6 Kf7 52. Kb3 Ke7 53. Kb4 Kd7 54. Kb5 Re8 55. a7 Kc7 56. Ra6 Ra8 57. Kc5 Kb7 58. Kb5 Kc7 59. Rg6 Re8 60. Rg7+ 1-0

[Event "Boskovic Memorial"]
[Site "Bijelo Polje"]
[Date "2005.10.10"]
[Round "9"]
[White "Kosic, Dragan"]
[Black "Rmus, Anto"]
[Result "1/2-1/2"]
[WhiteElo "2489"]
[BlackElo "2398"]
[PlyCount "23"]
[EventDate "2005.10.02"]
[EventType "tourn"]
[EventRounds "9"]
[EventCountry "YUG"]
[EventCategory "10"]
[SourceTitle "CBM 110"]
[Source "ChessBase"]
[SourceDate "2006.01.31"]
[SourceVersion "1"]
[SourceVersionDate "2006.01.31"]
[SourceQuality "1"]

1. d4 Nf6 2. Nf3 g6 3. c4 Bg7 4. Nc3 d6 5. e4 0-0 6. Be2 e5 7. Be3 Nc6 8. d5 Ne7 9. Nd2 Nd7 10. b4 f5 11. f3 a5 12. a3 1/2-1/2

[Event "Boskovic Memorial"]
[Site "Bijelo Polje"]
[Date "2005.10.08"]
[Round "7"]
[White "Podinic, Vladimir"]
[Black "Rmus, Anto"]
[Result "1/2-1/2"]
[WhiteElo "2415"]
[BlackElo "2398"]
[PlyCount "29"]
[EventDate "2005.10.02"]
[EventType "tourn"]
[EventRounds "9"]
[EventCountry "YUG"]
[EventCategory "10"]
[SourceTitle "CBM 110"]
[Source "ChessBase"]
[SourceDate "2006.01.31"]
[SourceVersion "1"]
[SourceVersionDate "2006.01.31"]
[SourceQuality "1"]

1. e4 c5 2. c3 Nf6 3. d3 d5 4. e5 Nfd7 5. f4 Nc6 6. Nf3 a6 7. d4 cxd4 8. cxd4 Nb6 9. h3 Bf5 10. Bd3 Bxd3 11. Qxd3 e6 12. 0-0 g6 13. Nc3 h5 14. b3 Rc8 15. Bb2 1/2-1/2

[Event "Boskovic Memorial"]
[Site "Bijelo Polje"]
[Date "2005.10.03"]
[Round "2"]
[White "Rmus, Anto"]
[Black "Abramovic, Bosko"]
[Result "0-1"]
[WhiteElo "2398"]
[BlackElo "2482"]
[PlyCount "88"]
[EventDate "2005.10.02"]
[EventType "tourn"]
[EventRounds "9"]
[EventCountry "YUG"]
[EventCategory "10"]
[SourceTitle "CBM 110"]
[Source "ChessBase"]
[SourceDate "2006.01.31"]
[SourceVersion "1"]
[SourceVersionDate "2006.01.31"]
[SourceQuality "1"]

1. e4 e5 2. Nc3 Nf6 3. f4 d5 4. fxe5 Nxe4 5. Nf3 Be7 6. Be2 0-0 7. 0-0 c5 8. Qe1 Nc6 9. d3 Nxc3 10. bxc3 Kh8 11. d4 Bf5 12. Bd3 Bxd3 13. cxd3 cxd4 14. cxd4 Qd7 15. Qg3 f5 16. Qh3 Nd8 17. Bg5 Ne6 18. Bxe7 Qxe7 19. Nh4 Qg5 20. Kh1 g6 21. Rf3 Qg4 22. Rb1 b6 23. Rbf1 Qxh3 24. Rxh3 Kg7 25. Nf3 Rac8 26. Rg3 Rc3 27. Kg1 Rfc8 28. Nh4 f4 29. Rg4 Rxd3 30. g3 Rf8 31. gxf4 Rxd4 32. Ng2 h5 33. Rh4 Kh6 34. f5 Rxf5 35. Rxf5 gxf5 36. Rxd4 Nxd4 37. Kf2 Nc6 38. e6 Kg5 39. Ke3 h4 40. Nf4 d4+ 41. Kf3 Kf6 42. Kg2 Ne5 43. a4 Ng6 44. Ne2 d3 0-1

[Event "Bar Sozina op"]
[Site "Bar"]
[Date "2005.03.12"]
[Round "9"]
[White "Perosevic, Aleksandar"]
[Black "Rmus, Anto"]
[Result "1/2-1/2"]
[WhiteElo "2186"]
[BlackElo "2429"]
[PlyCount "28"]
[EventDate "2005.03.04"]
[EventType "swiss"]
[EventRounds "9"]
[EventCountry "YUG"]
[SourceTitle "CBM 105 Extra"]
[Source "ChessBase"]
[SourceDate "2005.05.01"]
[SourceVersion "1"]
[SourceVersionDate "2005.05.01"]
[SourceQuality "1"]

1. e4 c5 2. Nf3 d6 3. d4 cxd4 4. Nxd4 Nf6 5. Nc3 g6 6. Be3 Bg7 7. f3 0-0 8. Qd2 Nc6 9. Bc4 Bd7 10. Bb3 Rc8 11. 0-0-0 Ne5 12. h4 h5 13. Bg5 Rc5 14. g4 hxg4 1/2-1/2

[Event "Banja Luka op"]
[Site "Banja Luka"]
[Date "2004.12.11"]
[Round "8"]
[White "Kontic, Djordjije"]
[Black "Rmus, Anto"]
[Result "0-1"]
[WhiteElo "2326"]
[BlackElo "2359"]
[PlyCount "68"]
[EventDate "2004.12.04"]
[EventType "swiss"]
[EventRounds "9"]
[EventCountry "BIH"]
[SourceTitle "CBM 103 Extra"]
[Source "ChessBase"]
[SourceDate "2005.01.01"]
[SourceVersion "1"]
[SourceVersionDate "2005.01.01"]
[SourceQuality "1"]

1. e4 c5 2. Ne2 Nc6 3. Nbc3 d6 4. g3 g6 5. d4 cxd4 6. Nxd4 Bg7 7. Nde2 Bg4 8. Bg2 Nf6 9. h3 Be6 10. 0-0 0-0 11. Nd5 Rb8 12. Nef4 b5 13. Nxe6 fxe6 14. Nf4 Qd7 15. h4 Ne8 16. Bh3 Nc7 17. h5 Rxf4 18. Bxf4 Bxb2 19. hxg6 hxg6 20. Rb1 Bf6 21. Qg4 Kg7 22. Rfd1 Rh8 23. Rd5 Qe8 24. Rdxb5 Nxb5 25. Rxb5 Ne5 26. Bxe5 Qxb5 27. Bxf6+ exf6 28. Qxe6 Qe8 29. Qg4 Rh5 30. Bf1 Re5 31. Bd3 Qe6 32. Qh4 Qxa2 33. f4 Qa1+ 34. Kf2 Rh5 0-1

[Event "Belgrade Trophy 17th"]
[Site "Obrenovac"]
[Date "2004.11.30"]
[Round "9"]
[White "Abramovic, Bosko"]
[Black "Rmus, Anto"]
[Result "1/2-1/2"]
[WhiteElo "2471"]
[BlackElo "2359"]
[PlyCount "21"]
[EventDate "2004.11.22"]
[EventType "swiss"]
[EventRounds "9"]
[EventCountry "YUG"]
[SourceTitle "CBM 103 Extra"]
[Source "ChessBase"]
[SourceDate "2005.01.01"]
[SourceVersion "1"]
[SourceVersionDate "2005.01.01"]
[SourceQuality "1"]

1. d4 Nf6 2. c4 g6 3. Nf3 Bg7 4. g3 d6 5. Bg2 0-0 6. 0-0 Nc6 7. Nc3 a6 8. h3 Rb8 9. a4 Bd7 10. e4 e5 11. dxe5 1/2-1/2